1398 1119 1214 1539 1486 1085 1979 1386 1397 1030 1898 1928 1872 1225 1598 1234 1729 1496 1329 1029 1109 1028 1417 1831 1908 1343 1949 1467 1252 1832 1400 1846 1419 1073 1377 1563 1217 1573 1006 1450 1265 1720 1063 1034 1879 1164 1932 1409 1351 1099 1585 1214 1253 1438 1191 1173 1681 1671 1079 1058 1571 1236 1234 1854 1127 1314 1614 1516 1315 1126 1841 1964 1192 1265 1338 1228 1548 1412 1110 1367 1218 1952 1209 1699 1420 1031 1124 1783 1629 1587 1373 1878 1280 1703 1555 1629 1752 1604 1047 BCNSPRNW ULIB Ver.6.0+V

เปลี่ยนเป็นภาษาไทย

Change to English
 แสดงรายละเอียดบรรณานุกรม
  กลับหน้าหลัก

Brief Record : Get Marc (ISO 2709) : E-mail record : QR code < ปิดหน้าต่าง
LEADER : 00000nam 2200000uu 4500
001    13399121925
003     ULIB
008    121213s2548||||th 000 0 tha d
060 04 ^aWM105^bก188ก 2547
110 2  ^aกรมสุขภาพจิต.^bสำนักพัฒนาสุขภาพจิต
245 10 ^aกรอบการวิจัยสุขภาพจิต (พ.ศ.2548-2552) /^cโดยสำนักพัฒนาสุขภาพจิต กรมสุขภาพจิต
250    ^aพิมพ์ครั้งที่ 1
260    ^aกรุงเทพฯ :^bสำนักพัฒนาสุขภาพจิต ,^c2547
300    ^a92 หน้า
650  2 ^aMental health
650  2 ^aResearch
650  7 ^aสุขภาพจิต^xวิจัย
945    ^p0^l0^i24456
945    ^p0^l0^i24455
995    ^aทศพร
999    ^aทศพร เกษรทอง
รายการนี้ยังไม่มีแท็ก
คุณยังไม่ได้ล็อกอิน คุณสามารถมีกิจกรรมร่วมกับเว็บไซต์ได้ แต่ต้องล็อกอินก่อน ::
  ล็อกอิน

รายการสื่อสารสนเทศ

ลำดับที่ ประเภท เลขเรียก/บาร์โค้ด สถานที่ สถานะ
1. วิทยาศาสตร์การแพทย์ และสุขภาพ
วิทยาศาสตร์การแพทย์ และสุขภาพ
WM105 ก188ก 2547 ฉ.1 
  Barcode: 24455
ห้องสมุดวิทยาเขตสวรรค์ประชารักษ์
►หนังสือทั่วไป
บนชั้น

รายการใกล้เคียง
    หัวเรื่อง [Mental health]
    หัวเรื่อง [Research]

BibComment


ยังไม่เคยถูกคอมเมนท์

คอมเมนท์ทรัพยากรรายการนี้
  คอมเมนท์: กรอบการวิจัยสุขภ..


 Copyright 2026. Bcnsprnw @Library